| 000 | 00711cab a2200181 4500 | ||
|---|---|---|---|
| 001 | ##L133591 | ||
| 008 | 060522n2006 000 0 eng u | ||
| 035 | _a(Sirsi) u133591 | ||
| 041 | 0 | _aeng | |
| 100 | 1 | _aMann, Will | |
| 245 | 0 | 0 | _aOffsite rules |
| 260 | _c2006 | ||
| 490 | 0 |
_aContract Journal _v433(6575) 17 May 2006, 54(1) |
|
| 520 | _aNew research commissioned by modular specialist Yorkon has confirmed that offsite construction is considerably safer than traditional construction, largely because, by its very nature, it removes the conditions for the most common types of accidents, such as trips and falls from height. | ||
| 590 | _aIKA230506 | ||
| 690 |
_aHealth and safety _96244 |
||
| 942 | _n0 | ||
| 999 |
_c77097 _d77097 |
||